000 00291nam a2200121Ia 4500
005 20251222155145.0
008 251222s9999||||xx |||||||||||||| ||spa||
082 _aASPF.10
100 _aISO/EC/POCOSA/INDECOPI.
245 0 _aNorma internacional ISO 9000
264 _bNo tiene
942 _cLIB
999 _c39345
_d39345